[Event "1st ch-Iberoamericano Scheveningen"]
[Site "Ayamonte ESP"]
[Date "2006.11.16"]
[Round "2"]
[White "Granda Zuniga,J"]
[Black "Teran Alvarez,I"]
[Result "1-0"]
[WhiteElo "2646"]
[BlackElo "2413"]

1.d4 d5 2.c4 Nc6 3.cxd5 Qxd5 4.e3 e5 5.Nc3 Bb4 6.Bd2 Bxc3 7.bxc3 Nf6 8.c4 Qd6
9.d5 Nb8 10.Qc2 e4 11.Ne2 O-O 12.Ng3 Re8 13.Be2 c6 14.Bc3 cxd5 15.Rd1 Nbd7
16.O-O Ne5 17.cxd5 Bd7 18.Qb2 b5 19.Rd4 Ng6 20.Rfd1 a6 21.h3 Rac8 22.Bb4 Qe5
23.Qa3 h5 24.Qxa6 h4 25.Nf1 Ra8 26.Qd6 Qg5 27.Kh1 Ne5 28.a3 Red8 29.Qc7 Rac8
30.Qb6 Rb8 31.Qc7 Rbc8 32.Qb6 Nf3 33.Nh2 Nxd4 34.Qxd4 Rc2 35.f4 exf3 36.Nxf3 Qg3
37.Be1 Qd6 38.Bd3 Ra2 39.Bb1 Re2 40.Qd3 Rb2 41.Bxh4 Re8 42.Bxf6 Qxf6 43.Qh7+ Kf8
44.d6 g6 45.Ng5 Rxe3 46.Qh6+ Kg8 47.Nh7 Qf2 48.Nf6+ Qxf6 49.Qxe3 Bc6 50.Be4 Qe5
51.Qd4 Qxd4 52.Rxd4 Bxe4 53.d7  1-0

[Event "1st ch-Iberoamericano Scheveningen"]
[Site "Ayamonte ESP"]
[Date "2006.11.18"]
[Round "4"]
[White "Granda Zuniga,J"]
[Black "Zuluaga,C"]
[Result "1/2-1/2"]
[WhiteElo "2646"]
[BlackElo "2278"]

1.e4 c5 2.Nf3 e6 3.d3 Nc6 4.g3 Nf6 5.Bg2 d5 6.Qe2 Be7 7.O-O O-O 8.Re1 dxe4
9.dxe4 e5 10.c3 Bg4 11.h3 Bh5 12.Nbd2 Re8 13.Qf1 Bf8 14.Nh4 Nd7 15.Nf5 f6
16.a4 Bf7 17.b3 Na5 18.Rb1 Rc8 19.Ne3 Nb6 20.Qb5 Nc6 21.a5 Nd7 22.Ndc4 Qc7
23.Nd5 Qb8 24.a6 b6 25.Rd1 Red8 26.h4 Be6 27.Rb2 Ne7 28.Nde3 Nc6 29.Nd5 Ne7
30.Nce3 c4 31.b4 g6 32.Bf1 Nxd5 33.Nxd5 Kg7 34.Bxc4 Bd6 35.Bb3 Nf8 36.Qd3 b5
37.Qe3 Rd7 38.Qh6+ Kf7 39.Rd3 Be7 40.Rbd2 Rcd8 41.Rf3 Bxd5 42.Rxd5 Rxd5 43.Rd3 Ke8
44.Bxd5 Qb6 45.Qg7 Rd6 46.Be3 Qxa6 47.Bc5 Rd8  1/2-1/2

[Event "I Open"]
[Site "La Laguna ESP"]
[Date "2007.03.05"]
[Round "1"]
[White "Martin Hernandez,J"]
[Black "Granda Zuniga,J"]
[Result "0-1"]
[WhiteElo "1974"]
[BlackElo "2612"]

1.e4 Nf6 2.e5 Nd5 3.c4 Nb6 4.c5 Nd5 5.Bc4 e6 6.d4 b6 7.Bxd5 exd5 8.cxb6 axb6
9.Ne2 d6 10.Bf4 dxe5 11.Bxe5 Nd7 12.Bf4 Be7 13.O-O O-O 14.Re1 Re8 15.Nbc3 c6
16.a3 Ba6 17.Ng3 g6 18.Qd2 Nf8 19.Bh6 Ne6 20.f4 Bf6 21.Re5 Bxe5 22.dxe5 Qh4
23.f5 Qd4+ 24.Qxd4 Nxd4 25.Bg5 Rxe5 26.Bf6 Nc2  0-1

[Event "I Open"]
[Site "La Laguna ESP"]
[Date "2007.03.06"]
[Round "2"]
[White "Granda Zuniga,J"]
[Black "Cabrera Trujillo,J"]
[Result "1-0"]
[WhiteElo "2612"]
[BlackElo "2279"]

1.c4 Nf6 2.Nc3 g6 3.g3 Bg7 4.Bg2 O-O 5.Nf3 d6 6.d4 Nbd7 7.O-O e5 8.b3 Re8
9.Qc2 exd4 10.Nxd4 Nc5 11.Bb2 a5 12.Rad1 c6 13.e4 Qb6 14.Nde2 a4 15.Nc1 a3
16.Ba1 Bg4 17.Rde1 Re7 18.h3 Bd7 19.Nd3 Rae8 20.Nxc5 Qxc5 21.Qd3 d5 22.cxd5 cxd5
23.Rc1 dxe4 24.Nxe4 Qb6 25.Nd6 Rb8 26.Rfd1 Be6 27.Qf3 Ne8 28.Bxg7 Kxg7 29.Ne4 f6
30.Nc5 Qb5 31.Re1 Kf7 32.Nxe6 Rxe6 33.Qd5  1-0

[Event "I Open"]
[Site "La Laguna ESP"]
[Date "2007.03.07"]
[Round "3"]
[White "Meijers,V"]
[Black "Granda Zuniga,J"]
[Result "1/2-1/2"]
[WhiteElo "2453"]
[BlackElo "2612"]

1.e4 c5 2.Nf3 d6 3.d4 cxd4 4.Nxd4 Nf6 5.Nc3 a6 6.Be2 e5 7.Nb3 Be6 8.f4 exf4
9.Bxf4 Nc6 10.Qd2 Be7 11.O-O-O Bxb3 12.cxb3 O-O 13.Bxd6 Re8 14.Bf3 Bxd6 15.Qxd6 Qa5
16.Kb1 Re6 17.Qg3 Rae8 18.Rd2 h6 19.Rhd1 Qg5 20.Qxg5 hxg5 21.h3 Ne5 22.b4 g6
23.Rd8 Kg7 24.Rxe8 Nxe8 25.b5 a5 26.Be2 Nd6 27.a4 b6 28.Ka2 Nec4 29.Bxc4 Nxc4
30.g4 Nd6 31.Rd4 f5 32.exf5 gxf5 33.gxf5 Nxf5 34.Rc4 Ne7 35.h4 gxh4 36.Rxh4 Ng6
37.Rc4 Ne5 38.Rc7+ Kf8 39.Rb7 Rd6 40.Kb3 Ke8 41.Ne4 Rd4 42.Nf6+ Kd8 43.Rxb6 Rb4+
44.Kc3 Rc4+ 45.Kb3 Rb4+ 46.Kc2 Rc4+ 47.Kb1 Rxa4 48.Re6 Nf3 49.Re8+ Kc7 50.Nd5+ Kb7
51.Re7+ Kb8 52.b6 Rc4 53.b3 Rc6 54.Rc7 Rxb6 55.Nxb6 Kxc7 56.Nc4 Nd4 57.Nxa5 Nxb3  1/2-1/2

[Event "I Open"]
[Site "La Laguna ESP"]
[Date "2007.03.07"]
[Round "4"]
[White "Granda Zuniga,J"]
[Black "Krivoshey,S"]
[Result "1-0"]
[WhiteElo "2612"]
[BlackElo "2496"]

1.d4 d5 2.Nf3 Nf6 3.c4 c6 4.e3 Bg4 5.Nbd2 e6 6.h3 Bh5 7.g4 Bg6 8.Ne5 Nfd7
9.Nxg6 hxg6 10.Qb3 Qb6 11.g5 Be7 12.Nf3 c5 13.Bg2 Nc6 14.O-O dxc4 15.Qxc4 cxd4
16.exd4 Qb4 17.Qd3 Nb6 18.Bd2 Qd6 19.Rae1 Rd8 20.Re4 O-O 21.Rfe1 Qd5 22.Qb1 Nc4
23.Bc3 Qd7 24.Bf1 Nd6 25.Rg4 Nf5 26.Bc4 Qc7 27.a4 Qd6 28.Qa2 Rfe8 29.Ree4 Bf8
30.a5 a6 31.Kg2 Rd7 32.b3 Qb8 33.Qa1  1-0

[Event "I Open"]
[Site "La Laguna ESP"]
[Date "2007.03.07"]
[Round "4"]
[White "Granda Zuniga,J"]
[Black "Krivoshey,S"]
[Result "1-0"]
[WhiteElo "2612"]
[BlackElo "2496"]

1.d4 d5 2.Nf3 Nf6 3.c4 c6 4.e3 Bg4 5.Nbd2 e6 6.h3 Bh5 7.g4 Bg6 8.Ne5 Nfd7
9.Nxg6 hxg6 10.Qb3 Qb6 11.g5 Be7 12.Nf3 c5 13.Bg2 Nc6 14.O-O dxc4 15.Qxc4 cxd4
16.exd4 Qb4 17.Qd3 Nb6 18.Bd2 Qd6 19.Rae1 Rd8 20.Re4 O-O 21.Rfe1 Qd5 22.Qb1 Nc4
23.Bc3 Qd7 24.Bf1 Nd6 25.Rg4 Nf5 26.Bc4 Qc7 27.a4 Rd6 28.Qa2 Rfd8 29.Ree4 Bf8
30.a5 a6 31.Kg2 R8d7 32.b3 Qd8 33.Qa1 Rd5 34.Bxd5 Rxd5 35.Qe1 Qd7 36.Ne5 Nxe5
37.dxe5 Rd3 38.Rc4 Ne7 39.Rgd4 Rxd4 40.Rxd4 Qc6+ 41.Kg1 Nd5 42.Bd2 Qc2 43.b4 Qf5
44.Kg2 Qc2 45.Qe4 Qa2 46.Qf3 Qb2 47.Qd3 Be7 48.Qc4 Bf8 49.Qd3 Be7 50.h4 Bf8
51.Be1 Qa1 52.Qd1 Kh7 53.Bd2 Kg8 54.b5 Kh7 55.h5 Bb4 56.Qf3  1-0

[Event "I Open"]
[Site "La Laguna ESP"]
[Date "2007.03.09"]
[Round "6"]
[White "Granda Zuniga,J"]
[Black "Fernandez Garcia,JoseL"]
[Result "1-0"]
[WhiteElo "2612"]
[BlackElo "2463"]

1.Nf3 Nf6 2.c4 g6 3.Nc3 d5 4.cxd5 Nxd5 5.Qa4+ Bd7 6.Qh4 Nxc3 7.dxc3 Nc6 8.Qg3 f6
9.h4 e5 10.h5 g5 11.e4 Qe7 12.Be2 Nd8 13.Nd2 Ne6 14.Qe3 Nf4 15.Bf1 g4 16.g3 Ne6
17.Be2 Rg8 18.Rh4 Nd8 19.Nf1 Nf7 20.Bc4 Be6 21.Qe2 O-O-O 22.Ne3 Bxc4 23.Qxc4 Qd7
24.Qe2 Nd6 25.Nxg4 Nxe4 26.Nxe5 fxe5 27.Rxe4 Qh3 28.Qf3 Qh2 29.Kf1 Rd1+ 30.Qxd1 Qh1+
31.Ke2 Qxe4+ 32.Be3 Rg7 33.f3 Qc6 34.Kf2 Rd7 35.Qe2 e4 36.f4 Bc5 37.Re1 Qb6
38.Bxc5 Qxc5+ 39.Kg2 Re7 40.Qg4+  1-0

[Event "I Open"]
[Site "La Laguna ESP"]
[Date "2007.03.11"]
[Round "8"]
[White "Granda Zuniga,J"]
[Black "Mikhalevski,V"]
[Result "1-0"]
[WhiteElo "2612"]
[BlackElo "2590"]

1.Nf3 Nf6 2.c4 g6 3.Nc3 d5 4.cxd5 Nxd5 5.Qa4+ Bd7 6.Qb3 Nb6 7.d4 Bg7 8.Bf4 Be6
9.Qa3 O-O 10.e3 a5 11.Be2 c6 12.O-O N8d7 13.Rfd1 Nc4 14.Bxc4 Bxc4 15.b3 Bd5
16.Nxd5 cxd5 17.Rac1 Nb8 18.b4 Nc6 19.b5 Na7 20.b6 Qxb6 21.Qxe7 Nc6 22.Qc5 Qxc5
23.Rxc5 Rfd8 24.a4 f6 25.g4 g5 26.Bc7 Rd7 27.Bb6 Bf8 28.Rb5 Bb4 29.Kg2 Kf7
30.Ng1 Ke6 31.Ne2 Ne7 32.Nc1 Nc8 33.Bc5 Bxc5 34.dxc5 Ne7 35.Nb3 Nc6 36.Nd4+ Kf7
37.Nf5 Ra7 38.Rb6 Nb4 39.e4 Ra6 40.Rd6 Raxd6 41.Nxd6+ Kg6 42.exd5 Na6 43.Nxb7 Rxb7
44.c6 Rb8 45.d6 h5 46.gxh5+ Kxh5 47.Rd5 Rc8 48.d7 Rd8 49.Rxa5 Nc7 50.Ra7 Nd5
51.Rb7 Nf4+ 52.Kf3 f5 53.a5 Kg6 54.Ke3 Kf6 55.h4 Ng2+ 56.Kf3 Nf4 57.hxg5+ Kxg5
58.Ke3 Nd5+ 59.Kd4 Ne7 60.Kc5  1-0

[Event "I Open"]
[Site "La Laguna ESP"]
[Date "2007.03.12"]
[Round "9"]
[White "Movsziszian,K"]
[Black "Granda Zuniga,J"]
[Result "1/2-1/2"]
[WhiteElo "2445"]
[BlackElo "2612"]

1.g3 d5 2.Bg2 c6 3.d3 e5 4.Nf3 Bd6 5.O-O Ne7 6.c4 Na6 7.a3 O-O 8.e4 Nc7 9.exd5 cxd5
10.Nc3 d4 11.Ne4 Ne6 12.Nxd6 Qxd6 13.Re1 f6 14.b4 Rb8 15.c5 Qd7 16.Qb3 Kh8
17.Nd2 b6 18.cxb6 Rxb6 19.Nc4 Rb8 20.Na5 Qb5 21.Nc4 Qd7 22.Na5 Qb5 23.Nc4 Qd7
24.Na5 Qb5 25.Qc4 Bd7 26.a4 Qb6 27.Bd2 Rfc8 28.Qa2  1/2-1/2

[Event "Magistral Ruy Lopez"]
[Site "Zafra ESP"]
[Date "2007.03.17"]
[Round "1"]
[White "Sasikiran,K"]
[Black "Granda Zuniga,J"]
[Result "1/2-1/2"]
[WhiteElo "2700"]
[BlackElo "2612"]

1.d4 Nf6 2.c4 e6 3.Nc3 Bb4 4.Qc2 d5 5.a3 Bxc3+ 6.Qxc3 O-O 7.Nf3 Ne4 8.Qc2 b6
9.g3 c5 10.Bg2 Bb7 11.O-O Nd7 12.cxd5 exd5 13.Bf4 Re8 14.Rad1 Qf6 15.Ne5 Nf8
16.f3 Nd6 17.dxc5 bxc5 18.Ng4 Qe7 19.Qxc5 Rad8 20.Qxa7 Nc4 21.Bc1 h5 22.Nf2 Ra8
23.Qd4 Qxe2 24.Nd3 Ne6 25.Qf2 Qxf2+ 26.Kxf2 d4 27.Rfe1 Na5 28.b4 Nc4 29.Nc5 Nxc5
30.Rxe8+ Rxe8 31.bxc5 Rc8 32.Rxd4 Rxc5 33.a4 Bc6 34.f4 Bxa4 35.Rd8+ Kh7 36.Rd5 Rxd5
37.Bxd5 Nd6 38.Ba3 Nb5 39.Bb4 Kg6 40.Ke3 Bc2 41.Bc6 Nc7 42.Kd4 f6 43.Ba5 Ne6+
44.Kd5 Kf7 45.Bc3 Bf5 46.Kd6 g6 47.Bd5 Bg4 48.Bd2 Bf5 49.Be3 Bg4 50.Kd7  1/2-1/2

[Event "Magistral Ruy Lopez"]
[Site "Zafra ESP"]
[Date "2007.03.18"]
[Round "2"]
[White "Granda Zuniga,J"]
[Black "Hou Yifan"]
[Result "1/2-1/2"]
[WhiteElo "2612"]
[BlackElo "2509"]

1.d4 e6 2.c4 Nf6 3.Nc3 Bb4 4.Qc2 d5 5.a3 Bxc3+ 6.Qxc3 Ne4 7.Qc2 c5 8.dxc5 Nc6
9.Nf3 Qa5+ 10.Nd2 Nd4 11.Qd1 Nxc5 12.b4 Qa4 13.Ra2 Qxd1+ 14.Kxd1 Na4 15.Bb2 Nxb2+
16.Rxb2 dxc4 17.Nxc4 Ke7 18.e3 Nb5 19.Kc2 Bd7 20.Kb3 Bc6 21.a4 Nd6 22.Nxd6 Kxd6
23.f3 Bd5+ 24.Bc4 Bxc4+ 25.Kxc4 Ke7 26.Rd1 Rhc8+ 27.Kb3 a5 28.Rd4 b6 29.Rc4 axb4
30.Rbc2 Rxc4 31.Rxc4 Rd8 32.Kc2 b3+ 33.Kxb3 Rd3+ 34.Rc3 Rd2 35.Rc7+ Kf6 36.Rc2 Rd3+
37.Rc3 Rd2 38.Rc2 Rd3+ 39.Rc3 Rd2  1/2-1/2

[Event "Magistral Ruy Lopez"]
[Site "Zafra ESP"]
[Date "2007.03.19"]
[Round "3"]
[White "Ponomariov,R"]
[Black "Granda Zuniga,J"]
[Result "0-1"]
[WhiteElo "2723"]
[BlackElo "2612"]

1.e4 e5 2.Nf3 Nc6 3.Bb5 a6 4.Ba4 Nf6 5.O-O Be7 6.Re1 b5 7.Bb3 d6 8.c3 O-O
9.h3 Nd7 10.d4 Nb6 11.Nbd2 Bf6 12.Nf1 Na5 13.Bc2 c5 14.d5 g6 15.g4 Nb7 16.Ng3 a5
17.Kh2 c4 18.Be3 Nc5 19.Qd2 Kh8 20.Rg1 Qd7 21.Rg2 Ba6 22.Rag1 Nba4 23.g5 Bg7
24.Rb1 b4 25.a3 bxa3 26.bxa3 Rfb8 27.h4 Rxb1 28.Bxb1 Rb8 29.Bc2 Bc8 30.Qc1 Nd3
31.Bxd3 cxd3 32.Nd2 Rb2 33.Qf1 Nxc3 34.Qxd3 Nd1 35.Kg1 Qb5 36.Qxb5 Rxb5 37.Kh2 a4
38.Ba7 Rb7 39.Rg1 Rxa7 40.Rxd1 Bf8 41.Rc1 Bd7 42.Ngf1 h6 43.Nf3 hxg5 44.hxg5 Be7
45.N1d2 Kg7 46.Kg3 Rb7 47.Rc2 Kf8 48.Kh4 Bd8 49.Nh2 f5 50.gxf6 Bxf6+ 51.Kg3 Bg5
52.Nhf3 Bf4+ 53.Kg2 Ke7 54.Ne1 g5 55.f3 Be3 56.Nc4 Rb3 57.Ra2 Bc5 58.Nc2 g4
59.fxg4 Bxg4 60.Ne1 Rc3 61.Rc2 Bf3+ 62.Kg3 Rxc2 63.Nxc2 Bxe4 64.N2e3 Kd7
65.Kg4 Kc7 66.Kg5 Bxe3+ 67.Nxe3 Kb6 68.Kf6 Kc5 69.Ke6 Bf3 70.Ke7 Bxd5 71.Nf5 e4
72.Kf6 Ba8 73.Kg5 d5 74.Kf4 d4 75.Ke5 d3 76.Ne3 d2  0-1

[Event "Magistral Ruy Lopez"]
[Site "Zafra ESP"]
[Date "2007.03.21"]
[Round "5"]
[White "Perez Candelario,Man"]
[Black "Granda Zuniga,J"]
[Result "1/2-1/2"]
[WhiteElo "2515"]
[BlackElo "2612"]

1.e4 c5 2.Nf3 d6 3.d4 cxd4 4.Nxd4 Nf6 5.Nc3 a6 6.g3 e5 7.Nb3 Be7 8.Bg2 Nbd7
9.a4 b6 10.O-O Bb7 11.Re1 Rc8 12.Nd2 O-O 13.Nf1 Nc5 14.Bg5 Ne6 15.Bxf6 Bxf6
16.Ne3 g6 17.h4 Bg7 18.Ncd5 Kh8 19.c3 Nc5 20.b4 Nd7 21.Qd3 Nf6 22.Nxf6 Bxf6
23.Red1 Be7 24.Ra3 Qc7 25.Bh3 Rb8 26.Bg2  1/2-1/2

[Event "Magistral Ruy Lopez"]
[Site "Zafra ESP"]
[Date "2007.03.23"]
[Round "7"]
[White "Sargissian,G"]
[Black "Granda Zuniga,J"]
[Result "1-0"]
[WhiteElo "2658"]
[BlackElo "2612"]

1.d4 d5 2.c4 dxc4 3.e4 Nf6 4.e5 Nd5 5.Bxc4 Nb6 6.Bd3 Nc6 7.Be3 Be6 8.Nc3 Bc4
9.Bxc4 Nxc4 10.Qb3 N6a5 11.Qc2 e6 12.Nf3 Nc6 13.a3 Nb6 14.O-O Ne7 15.Ne4 Ned5
16.Bd2 Be7 17.Rfe1 Qd7 18.b4 h6 19.Ng3 Qa4 20.Qd3 c6 21.Rec1 Nc7 22.Ne4 Rd8
23.Nc5 Bxc5 24.bxc5 Nbd5 25.Rc4 Qa6 26.Qc2 b5 27.cxb6 Nxb6 28.Rxc6 Ncd5 29.a4 O-O
30.Qb3 Rc8 31.Rac1 Rxc6 32.Rxc6 Rc8 33.Rxc8+ Qxc8 34.a5 Qc4 35.Qb1 Nc8 36.h4 Nde7
37.Qb7 a6 38.Qd7 Qb5 39.Qd8+ Kh7 40.Kh2 Qb7 41.Qe8 Nc6 42.h5 N8a7 43.g4 Qe7
44.Qxe7 Nxe7 45.Kg3 g5 46.hxg6+ fxg6 47.Kf4 Nac6 48.Ke4 Nd8 49.Nh4 Ndc6 50.Kd3 Kg7
51.Kc4 h5 52.gxh5 gxh5 53.Kc5 Kf7 54.Nf3 Kg6 55.Kd6 Kf5 56.Bg5  1-0

[Event "TCh-ESP Honor Gp1"]
[Site "Lugo ESP"]
[Date "2007.06.20"]
[Round "1"]
[White "Kasimdzhanov,R"]
[Black "Granda Zuniga,J"]
[Result "1-0"]
[WhiteElo "2677"]
[BlackElo "2612"]

1.d4 Nf6 2.c4 e6 3.Nc3 d5 4.Nf3 dxc4 5.e4 Bb4 6.Bg5 c5 7.e5 h6 8.exf6 hxg5
9.fxg7 Rg8 10.Qc2 cxd4 11.Qh7 Ke7 12.Rd1 d3 13.Bxd3 Bxc3+ 14.bxc3 cxd3 15.Rxd3 Nd7
16.Nxg5 b6 17.Qh4 Ke8 18.Qh5 Qf6 19.Nxe6 Qxe6+ 20.Re3 Qxe3+ 21.fxe3 Ba6 22.Kf2 Bc4
23.Rd1 Be6 24.Qh6 f6 25.g4 Kf7 26.g5 fxg5 27.Kg1 Rae8 28.Rf1+ Ke7 29.Qxg5+ Kd6
30.Rd1+ Kc6 31.h4 Nc5 32.Kh2 Ne4 33.Qg6 Nf2 34.Qg2+  1-0

[Event "TCh-ESP Honor Gp1"]
[Site "Lugo ESP"]
[Date "2007.06.23"]
[Round "4"]
[White "Lopez Martinez,J"]
[Black "Granda Zuniga,J"]
[Result "1/2-1/2"]
[WhiteElo "2563"]
[BlackElo "2612"]

1.e4 c5 2.Nf3 d6 3.d4 cxd4 4.Nxd4 Nf6 5.Nc3 a6 6.Be3 Ng4 7.Bc1 Nf6 8.f3 e6
9.Be3 Be7 10.Qd2 O-O 11.O-O-O b5 12.g4 Nfd7 13.g5 Qc7 14.Kb1 Nb6 15.Qf2 N8d7
16.Bd3 Nc5 17.h4 Bd7 18.h5 Rac8 19.g6 Bf6 20.Rdg1 Be8 21.gxh7+ Kh8 22.Qg3 Bd7
23.a3 Nba4 24.Nxa4 bxa4 25.Ka1 Qb6 26.Qf2 e5 27.Ne2 Nxd3 28.cxd3 Qb3 29.Nc1 Rxc1+
30.Rxc1 Be6 31.Rc4 Bxc4 32.dxc4 Qxc4 33.Qd2 Be7 34.Rg1 Kxh7 35.Bg5 Qe6 36.Bxe7 Qxe7
37.Qa5 Qd7 38.Qxa6 Rc8 39.Qd3 Rc6 40.Qe2 Qe6 41.Qb5 Qc4 42.Qb7 Rc7 43.Qb8 Qc5
44.Rd1 Qc2 45.Rg1 Qc5 46.Rd1 Qc2 47.Rg1 Qc5 48.Rd1 Qc2  1/2-1/2

[Event "TCh-ESP Honor Gp1"]
[Site "Lugo ESP"]
[Date "2007.06.24"]
[Round "5"]
[White "Granda Zuniga,J"]
[Black "Ponomariov,R"]
[Result "1/2-1/2"]
[WhiteElo "2612"]
[BlackElo "2717"]

1.d4 Nf6 2.c4 c5 3.d5 b5 4.cxb5 a6 5.b6 d6 6.Nc3 g6 7.Qb3 Bb7 8.a4 a5 9.e4 Bg7
10.Bb5+ Nbd7 11.Nf3 O-O 12.O-O Nxb6 13.Bf4 Ne8 14.Rfe1 Nc7 15.Bf1 Na6 16.Rad1 Nb4
17.Rd2 h6 18.h4 Bc8  1/2-1/2

[Event "Campeonato Continental Absolut"]
[Site "Cali COL"]
[Date "2007.07.11"]
[Round "2"]
[White "Granda Zuniga,J"]
[Black "Diamant,A"]
[Result "1-0"]
[WhiteElo "2621"]
[BlackElo "2394"]

1.c4 c5 2.Nf3 Nc6 3.g3 e5 4.Bg2 g6 5.Nc3 Bg7 6.d3 Nge7 7.Nd2 O-O 8.Nf1 a6
9.Ne3 Rb8 10.O-O b5 11.Ned5 Nxd5 12.cxd5 Ne7 13.e4 d6 14.Be3 f5 15.Qd2 Bd7
16.Ne2 b4 17.f4 fxe4 18.dxe4 Bg4 19.h3 Bxe2 20.Qxe2 exf4 21.gxf4 Qc7 22.Rac1 Rbe8
23.Kh1 Qa5 24.b3 Qb5 25.Qb2 Rf7 26.Bf3 Kh8 27.Rcd1 Ng8 28.Qg2 Nf6 29.Bc1 c4
30.Rfe1 Nd7 31.Be2 Nb6 32.Bg4 Bc3 33.Be6 Rg7 34.Re3 Nd7 35.Rg3 Nc5 36.f5 Be5
37.Rg4 cxb3 38.axb3 Nxb3 39.Bh6 Nd4 40.Rh4 Rc7 41.fxg6 Qe2 42.Qxe2 Nxe2 43.Bf7 Ree7
44.Bf4 Rxf7 45.Bxe5+ dxe5 46.gxf7 Rxf7 47.Rh6 Ra7 48.Rxa6 b3 49.d6 b2 50.d7  1-0

[Event "Campeonato Continental Absolut"]
[Site "Cali COL"]
[Date "2007.07.13"]
[Round "4"]
[White "Granda Zuniga,J"]
[Black "Rodriguez Vila,A"]
[Result "1-0"]
[WhiteElo "2621"]
[BlackElo "2547"]

1.d4 f5 2.c4 Nf6 3.Nc3 g6 4.Nf3 Bg7 5.g3 O-O 6.Bg2 d6 7.O-O Nc6 8.d5 Na5
9.Qd3 c5 10.e4 fxe4 11.Nxe4 Nxe4 12.Qxe4 Bf5 13.Qh4 e5 14.Bg5 Qd7 15.Nd2 Rf7
16.a3 b5 17.cxb5 Qxb5 18.b4 h6 19.bxa5 hxg5 20.Qxg5 Qa4 21.Rae1 Bf6 22.Qe3 Qxa5
23.Ne4 Qc7 24.Qc3 Raf8 25.Rb1 Bd8 26.a4 Rh7 27.Rb2 g5 28.Re1 Rh6 29.Qe3 Qg7
30.Rb8 Qg6 31.Reb1 Qh5 32.h3 Qe8 33.h4 Rg6 34.h5 Rh6 35.Bf3 Bxe4 36.Qxe4 Qf7
37.R1b7 Qf6 38.Rxa7 c4 39.Rc8 c3 40.Raa8 Kh8 41.Qe3 Rh7 42.Be4 Rhf7 43.Rxc3 Qxf2+
44.Qxf2 Rxf2 45.Rcc8 Bb6 46.Kh1 Rxc8 47.Rxc8+ Kg7 48.Rc6 Re2 49.Rxb6 Rxe4
50.Rxd6 Rxa4 51.Rg6+ Kh7 52.Rxg5 e4 53.Re5 Kh6 54.Kg2 Ra2+ 55.Kh3 e3 56.Kg4 Rd2
57.Re6+ Kh7 58.Rxe3 Rd4+ 59.Kf5 Rxd5+ 60.Re5 Rd8 61.g4 Rf8+ 62.Kg5 Rg8+ 63.Kh4 Rg7
64.g5 Ra7 65.h6 Kg6 66.Re6+ Kh7 67.Kh5 Ra5 68.Re7+ Kg8 69.Rg7+ Kh8 70.Re7 Rf5
71.Kg4 Rf1 72.Kh5 Rf5 73.Kg6 Rf8 74.Rf7 Re8 75.Rf5 Kg8 76.Kh5 Re1 77.Rb5 Re8
78.g6 Kh8 79.Rf5 Rg8 80.g7+ Kh7 81.Rf8 Rxf8 82.gxf8=N+ Kg8 83.Kg6 Kh8 84.Ne6  1-0

[Event "Campeonato Continental Absolut"]
[Site "Cali COL"]
[Date "2007.07.14"]
[Round "5"]
[White "Vescovi,G"]
[Black "Granda Zuniga,J"]
[Result "1/2-1/2"]
[WhiteElo "2609"]
[BlackElo "2612"]

1.d4 Nf6 2.c4 e6 3.Nf3 b6 4.g3 Ba6 5.b3 d5 6.Bg2 Bb4+ 7.Bd2 Be7 8.cxd5 exd5
9.O-O O-O 10.Nc3 Bb7 11.Rc1 Na6 12.Bf4 Ne4 13.Nxe4 dxe4 14.Ne5 Qd5 15.f3 Rad8
16.e3 f6 17.fxe4 Qe6 18.d5 fxe5 19.dxe6 Rxd1 20.Rfxd1 exf4 21.exf4 Bc8 22.f5 c5
23.a3 Nb8 24.Kh1 Nc6 25.b4 g6 26.bxc5 Bxc5 27.g4 Ne5 28.h3 Bb7 29.Kh2 Kg7
30.g5 gxf5 31.exf5 Bxg2 32.Rxc5 bxc5 33.e7 Re8 34.Kxg2 Nf7 35.h4 h6 36.f6+ Kg6
37.Rd5 hxg5 38.hxg5 c4 39.Rc5  1/2-1/2

[Event "Campeonato Continental Absolut"]
[Site "Cali COL"]
[Date "2007.07.16"]
[Round "7"]
[White "Kudrin,S"]
[Black "Granda Zuniga,J"]
[Result "1/2-1/2"]
[WhiteElo "2543"]
[BlackElo "2621"]

1.e4 e5 2.Nf3 Nc6 3.Bc4 Nf6 4.d3 Be7 5.O-O O-O 6.Bb3 d6 7.c3 Na5 8.Bc2 c5
9.Nbd2 Re8 10.Re1 Bf8 11.d4 exd4 12.cxd4 cxd4 13.Nxd4 Bg4 14.f3 Bh5 15.Kh1 Qb6
16.N4b3 Rac8 17.Bd3 Bg6 18.Nxa5 Qxa5 19.Nb3 Qa4 20.Bg5  1/2-1/2

[Event "Campeonato Continental Absolut"]
[Site "Cali COL"]
[Date "2007.07.17"]
[Round "8"]
[White "Granda Zuniga,J"]
[Black "Felgaer,R"]
[Result "1/2-1/2"]
[WhiteElo "2621"]
[BlackElo "2559"]

1.d4 d5 2.Nf3 Nf6 3.c4 c6 4.e3 Bf5 5.Nc3 e6 6.Nh4 Bg6 7.Nxg6 hxg6 8.Bd2 Nbd7
9.g3 Bd6 10.Qb3 Rb8 11.Bg2 O-O 12.O-O Re8 13.Rac1 Bc7 14.Rfd1 Nb6 15.cxd5 exd5
16.Rc2 Nc4 17.Nb1 Ne4 18.Qd3 f5 19.Bc1 Ncd6 20.Nd2 Qd7 21.Nf3 Nf7 22.b4 g5
23.Bb2 g4 24.Ne5 Nxe5 25.dxe5 Bxe5 26.Bxe5 Rxe5 27.Qd4 Ree8 28.Qxa7 Ra8 29.Qd4 Ra4
30.h3 gxh3 31.Bxh3 Ng5 32.Bg2 Re4 33.Qd2 Rexb4 34.Rb2 Qe7 35.Bxd5+ cxd5 36.Qxd5+ Nf7
37.Rxb4 Rxb4 38.Qxf5 Qe4 39.Qxe4 Rxe4 40.Rb1 Re7 41.a4 Nd6 42.a5 Nc4 43.Rb5 Rc7
44.Kf1 Kf7 45.Ke2 Nd6 46.Rb6 Nc4 47.Rb5 Ke6 48.f4 Nd6 49.Re5+ Kf6 50.Rd5 Ke6
51.Re5+ Kf6 52.Rd5 Rc6 53.g4 Nc4 54.Kd3 Nb2+ 55.Ke4 Rc4+ 56.Kf3 Rc7  1/2-1/2

[Event "Campeonato Continental Absolut"]
[Site "Cali COL"]
[Date "2007.07.18"]
[Round "9"]
[White "Granda Zuniga,J"]
[Black "Ivanov,AV USA"]
[Result "1/2-1/2"]
[WhiteElo "2621"]
[BlackElo "2547"]

1.Nf3 Nf6 2.g3 b5 3.Bg2 Bb7 4.d3 d5 5.Nbd2 e6 6.O-O c5 7.e4 Be7 8.Qe2 Nc6
9.Re1 O-O 10.e5 Ne8 11.c3 Nc7 12.Nf1 d4 13.c4 bxc4 14.dxc4 a5 15.Qe4 Kh8
16.h4 Rb8 17.Qg4 f5 18.exf6 gxf6 19.Qh5 Qe8 20.Qxe8 Rfxe8 21.Bd2 h5 22.N3h2 Nb4
23.Bxb4 axb4 24.f4 Bxg2 25.Kxg2 Ra8 26.Nf3 Kg7 27.N1d2 Ra6 28.b3 Raa8 29.Ne4 Rec8
30.Re2 Ra3 31.Rb2 Kf7 32.Ne1 Ra5 33.Nd3 Ne8 34.Nd2 Ng7 35.Kf3 Nf5 36.Nf1 Ra3
37.Nd2 Ne3 38.Nf2 Bd6 39.Nfe4 Bf8 40.Ke2 Ra5 41.Kd3 Kg7 42.Nf2 Bd6 43.Nde4 Bc7
44.Ke2 Nf5 45.Nd3 Bb6 46.Kf3 Kf7 47.Re2  1/2-1/2

[Event "Campeonato Continental Absolut"]
[Site "Cali COL"]
[Date "2007.07.19"]
[Round "10"]
[White "Leon Hoyos,M"]
[Black "Granda Zuniga,J"]
[Result "0-1"]
[WhiteElo "2484"]
[BlackElo "2621"]

1.e4 c5 2.Nf3 Nc6 3.d4 cxd4 4.Nxd4 e6 5.Nc3 a6 6.Nxc6 bxc6 7.Bd3 d5 8.O-O Nf6
9.Re1 Be7 10.e5 Nd7 11.Qg4 Kf8 12.Na4 h5 13.Qf4 Kg8 14.Bd2 g6 15.c4 Kg7 16.b4 Bb7
17.cxd5 cxd5 18.Rac1 Rc8 19.Be3 h4 20.Rxc8 Qxc8 21.Rc1 Qd8 22.Qd4 Qb8 23.Nc5 Nxc5
24.bxc5 Qc7 25.c6 Bxc6 26.Bxa6 Qd7 27.Qb6 Ba4 28.Bd4 Ra8 29.Bf1 Qe8 30.h3 Bg5
31.Be3 Bxe3 32.Qxe3 Qe7 33.Qb6 Be8 34.Rc2 Qa7 35.Qd6 Qd4 36.a3 Qa1 37.Qc7 Qxa3
38.Rc3 Qb4 39.Rc1 Ra2 40.Rc2 Ra1 41.Rc1 Ra2 42.Rc2 Rxc2 43.Qxc2 Qe1 44.Qb2 g5
45.f3 Ba4 46.f4 Qe3+ 47.Kh1 Qxf4 48.Bd3 Bd1 49.Qa1 Bh5 50.Qb2 Qe3 51.Bb1 d4
52.Qb5 Be2 53.Qc5 Qc3 54.Qe7 Qe1+ 55.Kh2 Qg3+ 56.Kh1 Qxe5 57.Qd8 Qf6 58.Qa5 d3  0-1

[Event "Open"]
[Site "Callao PER"]
[Date "2007.08.08"]
[Round "1"]
[White "Granda Zuniga,J"]
[Black "Robledo,M"]
[Result "0-1"]
[WhiteElo "2621"]
[BlackElo "2226"]

1.e4 c5 2.Nf3 d6 3.d4 cxd4 4.Nxd4 Nf6 5.Nc3 a6 6.Be3 Nc6 7.Be2 e6 8.O-O Be7
9.f4 O-O 10.Kh1 Qc7 11.Qe1 Bd7 12.Qg3 b5 13.a3 Rac8 14.Bd3 Nh5 15.Qf3 Nf6
16.Rae1 Rfe8 17.Qg3 Nh5 18.Qh3 Nxf4 19.Bxf4 Nxd4 20.e5 Nf5 21.Bxf5 exf5 22.Qg3 Qc4
23.exd6 Bf6  0-1

[Event "Open"]
[Site "Callao PER"]
[Date "2007.08.11"]
[Round "4"]
[White "Granda Zuniga,J"]
[Black "Llanos,W"]
[Result "1-0"]
[WhiteElo "2621"]
[BlackElo "2156"]

1.d4 Nf6 2.c4 g6 3.Nc3 Bg7 4.e4 d6 5.Bd3 Nc6 6.Nge2 e5 7.d5 Nd4 8.Nxd4 exd4
9.Ne2 O-O 10.O-O Re8 11.Ng3 c5 12.h3 Qc7 13.Bd2 a6 14.b4 Nd7 15.Qb3 cxb4
16.Bxb4 Nc5 17.Bxc5 Qxc5 18.Rab1 Bf6 19.f4 Bh4 20.Kh2 f5 21.exf5 Re3 22.Rf3 Bxg3+
23.Rxg3 Bxf5 24.Qxb7 Rae8 25.Bxf5 Rxg3 26.Be6+  1-0

[Event "Open"]
[Site "Callao PER"]
[Date "2007.08.11"]
[Round "5"]
[White "Rosello,J"]
[Black "Granda Zuniga,J"]
[Result "0-1"]
[WhiteElo "2114"]
[BlackElo "2621"]

1.e4 g6 2.Nf3 Bg7 3.d4 d6 4.c4 Bg4 5.Be2 Nc6 6.Be3 e5 7.d5 Bxf3 8.Bxf3 Nd4
9.Nc3 Ne7 10.O-O O-O 11.Bxd4 exd4 12.Ne2 c5 13.g3 a6 14.Qd3 b5 15.b3 Qa5
16.Bg2 Rab8 17.f4 bxc4 18.bxc4 Rb2 19.Nc1 Rfb8 20.f5 Bh6 21.Qf3 gxf5 22.exf5 Qc3
23.Nd3 Be3+ 24.Kh1 Qxd3 25.Qg4+ Kh8 26.Be4 Qe2 27.Qh3 Bd2 28.Bf3 Qe5 29.f6 Ng8
30.Bg4 Nh6 31.Rf2 Bg5  0-1

[Event "Open"]
[Site "Callao PER"]
[Date "2007.08.12"]
[Round "6"]
[White "Granda Zuniga,J"]
[Black "Sierra,M"]
[Result "1-0"]
[WhiteElo "2621"]
[BlackElo "2248"]

1.Nf3 d6 2.d4 Bg4 3.e4 Nd7 4.h3 Bxf3 5.Qxf3 g6 6.Bc4 e6 7.O-O Bg7 8.c3 Ne7
9.Be3 O-O 10.Nd2 e5 11.Rfd1 Kh8 12.Qe2 f5 13.Bg5 h6 14.Bh4 Qe8 15.dxe5 Nxe5
16.Bxe7 Qxe7 17.exf5 Rxf5 18.g3 Re8 19.Bd5 Nf3+ 20.Qxf3 Rxf3 21.Nxf3 c6 22.Re1 Qd7
23.Rxe8+ Qxe8 24.Re1 Be5 25.Bb3 g5 26.Kg2 Qe7 27.Re3 Qf6 28.Nh2 h5 29.Rf3 Qg6
30.Bf7 Qh6 31.Nf1 g4 32.hxg4 hxg4 33.Re3 Qh7 34.Bc4 Qc2 35.Re2 Qf5 36.Re3 Qc2
37.Re2 Qf5 38.Kg1 b5 39.Bb3 Qd3 40.Rd2 Qe4 41.Bc2 Qe1 42.Bf5 Qa1 43.a3 d5
44.Re2 Bxc3 45.bxc3 Qxa3 46.Ne3 Qxc3 47.Nxg4 Qf3 48.Re8+ Kg7 49.Re7+ Kf8
50.Rf7+ Kxf7 51.Ne5+ Kf6 52.Nxf3 Kxf5 53.Nd4+ Ke4 54.Nxc6 Kd3 55.g4  1-0